000 00311nam a22001457a 4500
020 _a0-7214-0863-X
082 _a823
_bBUR/L
100 _aBURNETT HODGSON
245 _aA LITTLE PRINCES
250 _a1
260 _aENGLAND
_bLADY BIRD
300 _a51
650 _aENGLISH SHORT STORY
_zENGLAND
942 _cBK
999 _c2000
_d2000